Cost accounting using acost management approach (Record no. 43946)

MARC details
000 -LEADER
fixed length control field 00569 a2200217 4500
037 ## - SOURCE OF ACQUISITION
Stock number De 8651
020 ## - NUMERO INTERNATIONAL NORMALISE DES LIVRES
International Standard Book Number 0-256-08649-4
100 ## - VEDETTE PRINCIPALE - NOM DE PERSONNE
Personal name Gayle , Rayburn L.
100 ## - VEDETTE PRINCIPALE - NOM DE PERSONNE
Language of a work En
260 ## - PUBLICATION, DISTRIBUTION, ETC. (IMPRINT)
Place of publication, distribution, etc Etats unies
260 ## - PUBLICATION, DISTRIBUTION, ETC. (IMPRINT)
Name of publisher, distributor, etc Irwin
245 ## - TITLE STATEMENT
Title Cost accounting using acost management approach
260 ## - PUBLICATION, DISTRIBUTION, ETC. (IMPRINT)
Date of publication, distribution, etc 1993
300 ## - PHYSICAL DESCRIPTION
Extent 986p
300 ## - PHYSICAL DESCRIPTION
Other physical details 27cm
630 ## - SUBJECT ADDED ENTRY--UNIFORM TITLE
Uniform title 65 - Gestion et organisation de l'industrie du commerce et des transports
650 ## - SUBJECT ADDED ENTRY--TOPICAL TERM
Topical term or geographic name as entry element 6 - SCIENCES APPLIQUEES. MEDECINE. TECHNOLOGIE
650 ## - SUBJECT ADDED ENTRY--TOPICAL TERM
Topical term or geographic name as entry element Comptabilité : cout
Holdings
Withdrawn status Lost status Damaged status Not for loan Location (home branch) Sublocation or collection (holding branch) Date acquired Koha issues (times borrowed) Koha full call number Koha date last seen Price effective from Koha item type
        Bibliothèque Universitaire Centrale Bibliothèque Universitaire Centrale 28/02/2009   657 GAY 28/02/2009 28/02/2009 Livre


© 2008, Bibliothèques de l'Université d'Abomey-Calavi

04 BP 789 Cotonou, Tél. : +229 21 36 01 01, Fax : +229 21 35 06 32

Courriel : bu@bu.uac.bj